000
00207 a2200097 4500
001
23984
100
_a
Barker, L M
245
_a
Pears Cyclopedia 1969-70
260
_a
_b
Pelham
_c
1969
090
_c
16226
_d
16226
942
_a
NUST-CAE
_c
M
_c
6921
999
_c
259057
_d
259057